Diseño, construcción e instalación de un sistema semiautomático para la micropropagación de los cultivares de banano Gran Enano y FHIA-01
Gespeichert in:
| 1. Verfasser: | |
|---|---|
| Format: | Buch |
| Sprache: | Spanish |
| Veröffentlicht: |
San José, C.R.
1998
|
| Schlagworte: | |
| Tags: |
Tag hinzufügen
Keine Tags, Fügen Sie den ersten Tag hinzu!
|
MARC
| LEADER | 00000nam a2200000Ia 4500 | ||
|---|---|---|---|
| 003 | 008500 | ||
| 005 | 20221231144223.0 | ||
| 008 | 140114s1998 cr a m 000 ||spa d | ||
| 040 | |c cru CEDI | ||
| 090 | |a TFG 3865 | ||
| 100 | |a Barrantes Montiel, Andrés R |9 9029 | ||
| 245 | |a Diseño, construcción e instalación de un sistema semiautomático para la micropropagación de los cultivares de banano Gran Enano y FHIA-01 | ||
| 260 | |c 1998 |a San José, C.R. | ||
| 300 | |a xi, 98 hojas : ilustraciones a color | ||
| 500 | |a Proyecto de graduación(licenciatura en ingeniería química)--Universidad de Costa Rica. Facultad de Ingeniería. Escuela de Ingeniería Química | ||
| 650 | |x BANANOS - CULTIVO |x MICROPROPAGACION VEGETAL |9 9030 | ||
| 942 | |c TFG | ||
| 999 | |c 18640 |d 18640 | ||
